Vybrané ukazovatele o podnikateľských subjektoch pôsobiacich na Slovensku v rokoch 2010-2012
Prezentácia prehľadu vybraných charakteristík súboru cca 5000 malých a stredných podnikov pôsobiacich na Slovensku.
Gespeichert in:
| 1. Verfasser: | |
|---|---|
| Weitere Verfasser: | , |
| Format: | Buchkapitel |
| Sprache: | Slowakisch |
| Schlagworte: | |
| Tags: |
Keine Tags, Fügen Sie das erste Tag hinzu!
|
MARC
| LEADER | 00000naa a2200000 4500 | ||
|---|---|---|---|
| 001 | 0200175 | ||
| 005 | 20221019175445.7 | ||
| 041 | 0 | |a slo | |
| 044 | |a SK | ||
| 245 | 1 | 0 | |a Vybrané ukazovatele o podnikateľských subjektoch pôsobiacich na Slovensku v rokoch 2010-2012 |c Ladislav Kabát, Monika Sobeková Majková, Zuzana Vincúrová |
| 520 | |a Prezentácia prehľadu vybraných charakteristík súboru cca 5000 malých a stredných podnikov pôsobiacich na Slovensku. | ||
| 610 | 2 | 0 | |a podnik |
| 610 | 2 | 0 | |a Slovensko |
| 610 | 2 | 0 | |a ukazovatele ekonomické |
| 610 | 2 | 0 | |a ukazovatele finančné |
| 610 | 2 | 0 | |a hospodárenie podnikové |
| 100 | 1 | |a Kabát, Ladislav | |
| 700 | 1 | |a Sobeková Majková, Monika | |
| 700 | 1 | |a Vincúrová, Zuzana | |